En Yakın Altı Ülke - Moğolistan - Statistics

General Stats
  • This quiz has been taken 164 times
  • The average score is 4 of 6
Answer Stats
km ülke % Correct
0 Çin
96%
0 Rusya
95%
39 Kazakistan
80%
770 Kuzey Kore
45%
920 Kırgızistan
34%
1102 Güney Kore
33%
No matching quizzes found
Score Distribution
Percent of People with Each Score
Percentile by Number Answered
Your Score History
You have not taken this quiz